000 00192nam a22000857a 4500
001 1243582
005 20251107111710.0
245 _aSUNA"SERÇELERİ
_cGÜLTEN DAYIOĞLU
260 _bALTIN KİTAPLAR
999 _c1243582
_d1243582